| 000 | 01039nkm a2200253 i 4500 | ||
|---|---|---|---|
| 001 | 3959 | ||
| 003 | ES-MaACL | ||
| 005 | 20250713062856.0 | ||
| 007 | khrbo | ||
| 008 | 070619s1987 sp --- g |001||spa d | ||
| 100 | 0 |
_aAlfonso, _d1902-1990 _919858 |
|
| 245 | 1 | 0 |
_aDe Ateneo de Madrid a biblioteca de barrio [ _hFotografía] _b: causas y efectos, causantes y afectados / _cAlfonso (sello). |
| 260 |
_a[S.l. : _bs.n.], _c1987. |
||
| 300 |
_a2 fot. : _bb. y n. ; _c12 x 18 cm. |
||
| 500 | _aDatos basados en invitación. | ||
| 511 | 0 | _aInterviene: Mariano Orta Toscano. | |
| 518 | _aActo organizado por el Ateneo de Madrid, celebrado en el salón de actos el sábado, 21 de febrero de 1987, a las 18:00 h. | ||
| 600 | 1 | 4 |
_aOrta Toscano, Mariano. _987386 |
| 610 | 2 | 4 |
_aAteneo de Madrid- _xActos culturales- _y1987- _vFotografías. _91902 |
| 710 | 2 |
_aAteneo de Madrid. _91875 |
|
| 852 |
_aES-MaACL _jFOT 25/1987 |
||
| 856 | 4 |
_uhttp://www.ateneodemadrid.net/biblioteca_digital/imagenes/1987/0025-1987.jpg _zVer imagen |
|
| 999 |
_c3959 _d3959 |
||